000 00642nam a2200181Ia 4500
008 090124s9999 xx 000 0 und d
082 _b44632
100 _aघाणेकर प्र. के.
245 _a इतिहास घडविणाऱ्या वनस्पती
250 _a1
260 _c1999
300 _a90+2
600 _aघाणेकर प्र. के.
630 _a इतिहास घडविणाऱ्या वनस्पती
700 _aघाणेकर प्र. के.
730 _a इतिहास घडविणाऱ्या वनस्पती
942 _cBOOK
999 _c110924
_d110924